Municipalities of Slovenia (Map Quiz) - Statistics

General Stats
  • This quiz has been taken 109 times
  • The average score is 54 of 212
Answers on the Map
Answers color-coded by a green-red scale on the quiz's map according to % correct below.
 
Answer Stats
Answer % Correct
Ljubljana
92%
Celje
85%
Koper
83%
Maribor
83%
Kranj
71%
Bled
67%
Nova Gorica
67%
Novo mesto
65%
Piran
65%
Ptuj
63%
Jesenice
58%
Postojna
58%
Izola
56%
Murska Sobota
56%
Velenje
56%
Ankaran
52%
Domžale
50%
Bohinj
48%
Kranjska Gora
46%
Krško
46%
Lendava
46%
Škofja Loka
46%
Kamnik
44%
Trbovlje
44%
Grosuplje
42%
Ilirska Bistrica
42%
Kočevje
42%
Log - Dragomer
42%
Ajdovščina
40%
Litija
40%
Ljutomer
40%
Logatec
40%
Tolmin
40%
Vrhnika
40%
Črnomelj
38%
Idrija
38%
Ormož
38%
Sežana
38%
Bovec
35%
Dol pri Ljubljani
35%
Hrpelje - Kozina
35%
Ig
35%
Kobarid
35%
Ravne na Koroškem
35%
Slovenj Gradec
35%
Cerknica
33%
Črna na Koroškem
33%
Laško
33%
Trebnje
33%
Grad
31%
Hrastnik
31%
Metlika
31%
Radovljica
31%
Slovenska Bistrica
31%
Brežice
29%
Cerkno
29%
Dravograd
29%
Horjul
29%
Ivančna Gorica
29%
Medvode
29%
Ribnica
29%
Borovnica
27%
Brezovica
27%
Divača
27%
Kanal
27%
Mengeš
27%
Pivka
27%
Sevnica
27%
Škofljica
27%
Tržič
27%
Žalec
27%
Železniki
27%
Žiri
27%
Žužemberk
27%
Apače
25%
Beltinci
25%
Brda
25%
Cerklje na Gorenjskem
25%
Komen
25%
Miren - Kostanjevica
25%
Podčetrtek
25%
Rogaška Slatina
25%
Dobrova - Polhov Gradec
23%
Dolenjske Toplice
23%
Duplek
23%
Gorje
23%
Hodoš
23%
Komenda
23%
Lenart
23%
Mozirje
23%
Semič
23%
Šempeter - Vrtojba
23%
Slovenske Konjice
23%
Trzin
23%
Vipava
23%
Zagorje ob Savi
23%
Bistrica ob Sotli
21%
Cerkvenjak
21%
Gornja Radgona
21%
Hoče - Slivnica
21%
Kostel
21%
Mežica
21%
Mirna
21%
Muta
21%
Naklo
21%
Preddvor
21%
Radenci
21%
Radlje ob Dravi
21%
Šentjernej
21%
Vodice
21%
Benedikt
19%
Dobrepolje
19%
Gorenja vas - Poljane
19%
Jezersko
19%
Mirna Peč
19%
Osilnica
19%
Prevalje
19%
Renče - Vogrsko
19%
Ruše
19%
Šenčur
19%
Šmarje pri Jelšah
19%
Šoštanj
19%
Sveta Ana
19%
Sveti Jurij v Slovenskih goricah
19%
Velike Lašče
19%
Vransko
19%
Vuzenica
19%
Žirovnica
19%
Bloke
17%
Dobrovnik
17%
Gornji Grad
17%
Gornji Petrovci
17%
Križevci
17%
Loška Dolina
17%
Loški Potok
17%
Lukovica
17%
Mislinja
17%
Moravče
17%
Moravske Toplice
17%
Odranci
17%
Puconci
17%
Rače - Fram
17%
Radeče
17%
Rogatec
17%
Šalovci
17%
Selnica ob Dravi
17%
Šentilj
17%
Šentjur
17%
Šmarješke Toplice
17%
Šmartno pri Litiji
17%
Straža
17%
Sveta Trojica v Slovenskih goricah
17%
Sveti Tomaž
17%
Vitanje
17%
Vojnik
17%
Cankova
15%
Cirkulane
15%
Dobje
15%
Dornava
15%
Hajdina
15%
Kidričevo
15%
Kobilje
15%
Kozje
15%
Kungota
15%
Kuzma
15%
Lovrenc na Pohorju
15%
Mokronog - Trebelno
15%
Nazarje
15%
Oplotnica
15%
Podvelka
15%
Polzela
15%
Rogašovci
15%
Šentrupert
15%
Sodražica
15%
Solčava
15%
Središče ob Dravi
15%
Tabor
15%
Veržej
15%
Črenšovci
13%
Destrnik
13%
Dobrna
13%
Gorišnica
13%
Juršinci
13%
Kostanjevica na Krki
13%
Majšperk
13%
Miklavž na Dravskem polju
13%
Poljčane
13%
Razkrižje
13%
Ribnica na Pohorju
13%
Škocjan
13%
Sveti Andraž v Slovenskih goricah
13%
Sveti Jurij ob Ščavnici
13%
Tišina
13%
Trnovska vas
13%
Turnišče
13%
Velika Polana
13%
Videm
13%
Zavrč
13%
Braslovče
10%
Ljubno
10%
Markovci
10%
Pesnica
10%
Podlehnik
10%
Rečica ob Savinji
10%
Šmartno ob Paki
10%
Štore
10%
Žetale
10%
Zreče
10%
Luče
8%
Makole
8%
Prebold
8%
Starše
8%
No matching quizzes found
Score Distribution
Percent of People with Each Score
Percentile by Number Answered
Your Score History
You have not taken this quiz